Οι Ελληνικοί Φιλεκπαιδευτικοί Σύλλογοι ως φορείς εθνικής παιδείας και πολιτισμού στη διαφιλονικούμενη Μακεδονία (1869-1914)
Αποθηκεύτηκε σε:
| Κύριος συγγραφέας: | |
|---|---|
| Μορφή: | Βιβλίο |
| Γλώσσα: | Greek |
| Δημοσίευση: |
Θεσσαλονίκη : Αθήνα :
Αφοί Κυριακίδη,
1996
|
| Σειρά: | Ιστορικό Αρχείο Νεοελληνικής Εκπαίδευσης ;
; 1 |
| Θέματα: | |
| Ετικέτες: |
Προσθήκη ετικέτας
Δεν υπάρχουν, Καταχωρήστε ετικέτα πρώτοι!
|
MARC
| LEADER | 00000cam a2200000 i 4500 | ||
|---|---|---|---|
| 001 | 1/3502 | ||
| 008 | 000521s1996 gre d | ||
| 020 | |a 960-343-361-6 | ||
| 035 | |l 10060819 | ||
| 040 | |a GR-MY-UA |b gre |e aacr | ||
| 041 | 0 | |a gre | |
| 082 | 0 | |a 370.94956 | |
| 100 | 1 | |a Μπονίδης, Κυριάκος Θ. | |
| 245 | 1 | 3 | |a Οι Ελληνικοί Φιλεκπαιδευτικοί Σύλλογοι ως φορείς εθνικής παιδείας και πολιτισμού στη διαφιλονικούμενη Μακεδονία (1869-1914) / |c Κυριάκου Θ. Μπονίδη |
| 260 | |a Θεσσαλονίκη : |a Αθήνα : |b Αφοί Κυριακίδη, |c 1996 | ||
| 300 | |a 269 σ.; |b πίν., σχ.; |c 24 εκ. | ||
| 490 | 1 | |a Ιστορικό Αρχείο Νεοελληνικής Εκπαίδευσης |v ; 1 | |
| 500 | |a Περιλαμβάνει βιβλιογραφία. | ||
| 650 | 0 | 0 | |a Education |z Greece |z Macedonia |x History |y 19th century. |
| 650 | 0 | 0 | |a Associations, institutions, etc. |z Greece |z Macedonia |y 19th century. |
| 830 | 0 | |a Ιστορικό Αρχείο Νεοελληνικής Εκπαίδευσης ; |v ; 1 | |
| 852 | |a INST |b LESVOS |e 20000521 |h 370.94956 ΜΠΟ |p 005100024013 |q 005100024013 |t BK |y 0 | ||
| 901 | |a BIBL1-2000-2 | ||
| 909 | |a Λ |b 069455 | ||
| 970 | |z 2000/05/ΜΙΧΑΗΛΙΔΟΥ ΑΝΝΑ | ||